000 00775nam a22002417a 4500
003 UA-OsUOA
001 57302
007 ta
008 20081217b un ||||| |||| 00| 0 ukr d
100 _aТищенко Г.В.
090 _a349.6 (477)
_bТ47
942 _cBK
040 _aUA-OsUOA
_bukr
_cUA-OsUOA
_dUA-OsUOA
245 _aЕкологічне право
_bНавчальний посібник для студентів юрид. вузів та факультетів
300 _a256 с.
955 _a2
041 _aukr
080 _a349.6 (477)
020 _a966-95901-1-6
260 _aК.
_bТП Пресс
_c2003
650 7 _a349.6 Правові проблеми охорони навколишнього середовища
_2UDC
999 _c343381
_d343381